| 000 | 01129nam a22002297a 4500 | ||
|---|---|---|---|
| 005 | 20110824100311.0 | ||
| 010 | _aG-001027 | ||
| 020 |
_c25.00 _a9788190572620 |
||
| 035 | _aG-1027 | ||
| 037 |
_bईस्टएण्ड पब्लिकेशन्स _a |
||
| 082 | _a921 | ||
| 100 |
_aअशोक _935081 |
||
| 245 |
_aप्रधानमंत्री डॉ मनमोहन सिंह / _cअशोक |
||
| 260 |
_a दिल्ली _bईस्टएण्ड पब्लिकेशन्स _c2009 |
||
| 270 |
_a29/502, ईस्ट एण्ड अपार्टमैंटस, मयूर विहार एक्सटेंशन फेस-1 _bनई दिल्ली _e110096 _cदिल्ली _k |
||
| 300 |
_a16पृ _c21 सेमी (अजिल्द) _bसचित्र |
||
| 650 |
_a _935082 |
||
| 650 |
_a _935083 |
||
| 942 |
_adpl _cCH _2ddc _mमनमो _h921 |
||
| 999 |
_c55857 _d55857 |
||